书目信息 |
| 题名: |
北冰洋
|
|
| 作者: | 毛汉英 编著 | |
| 分册: | ||
| 出版信息: | 天津 天津人民出版社 1980 |
|
| 页数: | 187页 | |
| 开本: | 19cm | |
| 丛书名: | ||
| 单 册: | ||
| 中图分类: | P727 | |
| 科图分类: | ||
| 主题词: | 海洋学--区域 | |
| 电子资源: | ||
| ISBN: | ||
| 000 | 00611nam0 2200241 45 | |
| 001 | 0180008788 | |
| 005 | 20061123104144.46 | |
| 010 | @dCNY0.44 | |
| 091 | @a12072.11 | |
| 100 | @a19950317d1980 em y0chiy0121 ea | |
| 101 | 0 | @achi |
| 102 | @aCN@b120000 | |
| 105 | @ay z 000yy | |
| 200 | 10 | @a北冰洋@Abei bing yang@f毛汉英编著 |
| 210 | @a天津@c天津人民出版社@d1980 | |
| 215 | @a187页@d19cm | |
| 606 | 0 | @a海洋学@x区域 |
| 607 | @a北冰洋 | |
| 690 | @aP727@v3 | |
| 701 | 0 | @a毛汉英@Amao han ying@4编著 |
| 801 | 2 | @aCN@bNLC@c20061123 |
| 801 | 0 | @aCN@b上海图书馆@c20060814 |
| 905 | @f3@b33089-091@dP727@e3 | |
| 北冰洋/毛汉英编著.-天津:天津人民出版社,1980 |
| 187页;19cm |
| ISBN :CNY0.44 |
| ● |
| 相关链接 |
|
|
|
|
正题名:北冰洋
索取号:P727/3
 
预约/预借
| 序号 | 登录号 | 条形码 | 馆藏地/架位号 | 状态 | 备注 |
| 1 | 0033088 | 202122372 | 第二样本阅览室/ [索取号:P727/3] | 在馆 | |
| 2 | 0033089 | 000624907 | 第三借阅区/ [索取号:P727/3] | 在馆 | |
| 3 | 0033090 | 000624916 | 密集书库/ [索取号:P727/3] | 在馆 | |
| 4 | 0033091 | 000624925 | 密集书库/ [索取号:P727/3] | 在馆 | |
| 5 | 0033092 | 000624854 | 密集书库/ [索取号:P727/3] | 在馆 | |
| 6 | 0439518 | 204395181 | 密集书库/ [索取号:P727/3] | 在馆 | |
| 7 | 0439519 | 204395190 | 密集书库/ [索取号:P727/3] | 在馆 | |
| 8 | 0458071 | 204580710 | 密集书库/ [索取号:P727/3] | 在馆 | |
| 9 | 0458072 | 204580729 | 密集书库/ [索取号:P727/3] | 在馆 | |
| 10 | 0470344 | 204703446 | 密集书库/ [索取号:P727/3] | 在馆 |